Growing up with computer science C++/ (Record no. 171464)

MARC details
000 -LEADER
fixed length control field 00554nam a22001817a 4500
005 - DATE AND TIME OF LATEST TRANSACTION
control field 20200114112029.0
010 ## - LCCN (DPL NO)
LC control number ENG-127405
020 ## - INTERNATIONAL STANDARD BOOK NUMBER
International Standard Book Number 9789386506665
Terms of availability 395.00
035 ## - SYSTEM CONTROL NUMBER
System control number EN-110937
037 ## - SOURCE OF ACQUISITION
Source of stock number/acquisition DBAD/PUB
082 ## - DEWEY DECIMAL CLASSIFICATION NUMBER
Classification number 005.133
100 ## - MAIN ENTRY--PERSONAL NAME
Personal name Nagarajan,Girija
245 ## - TITLE STATEMENT
Title Growing up with computer science C++/
Statement of responsibility, etc by Girija Nagarajan
260 ## - PUBLICATION, DISTRIBUTION, ETC. (IMPRINT)
Place of publication, distribution, etc Bengaluru
Name of publisher, distributor, etc Prism books
Date of publication, distribution, etc 2018
270 ## - ADDRESS
Address 1865,32nd cross,10th main,Banashankari II stage
City Bengaluru
Postal code 560070
300 ## - PHYSICAL DESCRIPTION
Extent 592p.
Dimensions 24cm(pbk)
942 ## - ADDED ENTRY ELEMENTS (KOHA)
Source of classification or shelving scheme Dewey Decimal Classification
Item type English Books
Classification part 005.133
Call number suffix NAG
Holdings
Withdrawn status Lost status Not for loan Collection code Home library Current library Date acquired Source of acquisition Cost, normal purchase price Full call number Barcode Copy number Cost, replacement price Koha item type
      Non-fiction Central Library Central Library 14/01/2020 1 395.00 005.133 NAG EN-110937 1 395.00 English Books

© Delhi Public Library
Hit Counter
free hit counter